| 000 | 00810nam a2200241Ia 4500 | ||
|---|---|---|---|
| 003 | GCL | ||
| 008 | 140319s9999 xx 000 0 ara d | ||
| 020 | _a0373401977 | ||
| 040 |
_aGCL / _cGCL |
||
| 082 | 0 | 4 |
_a810.8 _bع ا |
| 100 | 1 | _aعبدالبديع عبدالله | |
| 245 | 1 | 0 |
_aابراهيم عبد القادر المازنى / _cعبدالبديع عبدالله |
| 260 |
_aالقاهرة : _bالهيئة المصرية العامة للكتاب ، _c1994 |
||
| 300 |
_a230 ص ؛ _c19سم |
||
| 490 |
_aنقاد الادب _v16 |
||
| 650 | 0 | 4 | _aالشعر العربى |
| 650 | 0 | 4 | _aالادب العربى |
| 650 | 0 | 4 | _aتاريخ |
| 650 | 0 | 4 | _aالادباء العرب |
| 650 | 0 | 4 | _aابراهيم عبدالقادر المازنى |
| 650 | 0 | 4 | _aتاريخ ونقد |
| 942 |
_2ddc _cBK |
||
| 999 |
_c29123 _d29123 |
||